000 nam a22 a 4500
999 _c145554
_d145554
003 BLK
005 20230127120901.0
008 180410b bul|||||r ||||||| ||bul||
010 _aKNG00151735000
040 _aBLK
041 _aBUL
_cBUL
080 _aНорвежка литература
_b821.113.5
_x-93-34
_z821.113.5-93-34
100 1 _aЕгнер, Турбьорн
_eпърви автор
_966683
139 _aЕгнер, Турбьорн
_bЕ 23
245 1 0 _aПук и Чук
_bПриказка
_cТурбьорн Егнер; прев. от норв. Светослав Колев; ил. Турбьорн Егнер.
250 _a2. изд.
257 _aNOR
260 _aСофия
_bМедицина и физкултура
_c1987
_fРусе : ДП Дунав
300 _a48 с.
_bс цв. ил.
_c20 см
380 _aDX
500 _aОриг. загл. Karius og Baktus / Thorbjorn Egner. - 1. изд. 1981. - 120 106 тир.
653 _aприказки
653 _aдетска литература
653 _aлитература за деца
700 1 _aКолев, Светослав
_eпрев. от норв.
_9367902
700 1 _aЕгнер, Турбьорн
_eил.
_966683
852 _aЦб 262671
856 4 _qpdf
_i0.67
_ldisable
856 4 _qpdf
_i0.67
_ldisable
942 _cKNG
_n0
_034
_s1
944 _aCR
_c14.10.2013
_lф / 14.10.2013
_kИвелин_Чалов
944 _aED
_c09.02.2016
_lф / 14.10.2013
_kКети_Илиева
999 _d145554